00544nam a2200181Ia 4500003000900000008004100009020001800050040001600068080001900084100002600103245006200129250001200191260003300203300001600236490007700252650001400329650001900343IN-BaIIA211028s9999 xx 000 0 eng d a0-08-006820-0 cIIA Library a[8]:01:00bLIN aLindsay, Robert Bruce 0aLord Rayleighbthe man and his workcRobert Bruce Lindsay a1st ed. aOxfordbPergamon Pressc1970 aviii, 251p. aThe Commonwealth and international library. Selected readings in physics aBiography aNASA thesaurus